| 000 | 00592nam a22001937a 4500 | ||
|---|---|---|---|
| 005 | 20170112123452.0 | ||
| 010 | _aENG-117042 | ||
| 020 |
_a9789386050281 _c399.00 |
||
| 035 | _aEN-100574 | ||
| 037 | _bDBAD/PUB | ||
| 082 | _a909 | ||
| 100 | _aCurnow,Trevor | ||
| 245 |
_aWisdom : _ba world history / _cby Trevor cunow |
||
| 260 |
_aNew Delhi _bSpeaking Tiger _c2016 |
||
| 270 |
_a4381/4 Ansari Road,Daryaganj _bNew Delhi _e110002 |
||
| 300 |
_a239p.: _bill _c22cm(pbk) |
||
| 500 | _aIncludes references,bibliographical references and index | ||
| 942 |
_2ddc _cEN _h909 _mCUR |
||
| 999 |
_c105800 _d105800 |
||